| 000 | 00590nam a22001697a 4500 | ||
|---|---|---|---|
| 020 | _a9789086860616 | ||
| 050 |
_aSF98 _b.T7 2008 |
||
| 100 | _aSchlegel, P. (ed.) | ||
| 245 |
_aTrace elements in animal production systems _cP. Schlegel, S. Durosoy & A.W. Jongbloed (eds.) |
||
| 250 | _a1st ed. | ||
| 260 |
_aWageningen, Netherlands : _bWageningen Academic Publishers : _c2008 |
||
| 300 | _a347 pgs. | ||
| 500 | _aIncludes index | ||
| 650 |
_bTrace elements in animal nutrition ; _bAgricultural pollution ; _bAnimal nutrition |
||
| 700 |
_aDurosoy, S. (ed.) _aJongbloed, A.W. (ed.) |
||
| 942 | _cGEN | ||
| 999 |
_c63 _d63 |
||